Loading...
| History - Other | 0 | 3 | 0 | 1 | 30 | 14 | 62.00 | 1 | 2 | 0.00 | 0.00 |
| Geography | 0 | 2 | 0 | 0 | 20 | 35 | 52.00 | 1 | 2 | 0.00 | 0.00 |
| Current Events | 0 | 2 | 0 | 0 | 20 | 24 | 55.00 | 1 | 2 | 0.00 | 0.00 |
| Science - Physics | 0 | 2 | 0 | 0 | 20 | 45 | 52.50 | 2 | 2 | 0.00 | 0.00 |
| History - American | 0 | 2 | 1 | 0 | 15 | 13 | 30.50 | 1 | 2 | 0.00 | 0.00 |
| History - World | 0 | 2 | 1 | 0 | 15 | 43 | 46.50 | 1 | 2 | 0.00 | 0.00 |
| Social Science | 0 | 1 | 0 | 0 | 10 | 59 | 59.00 | 1 | 1 | 0.00 | 0.00 |
| History - European | 0 | 1 | 0 | 0 | 10 | 30 | 30.00 | 1 | 1 | 0.00 | 0.00 |
| Literature - British | 0 | 1 | 0 | 0 | 10 | 55 | 55.00 | 0 | 1 | 0.00 | 0.00 |
| Philosophy | 0 | 1 | 0 | 0 | 10 | 96 | 96.00 | 0 | 1 | 0.00 | 0.00 |
| Religion | 0 | 1 | 0 | 0 | 10 | 123 | 123.00 | 1 | 1 | 0.00 | 0.00 |
| Pop Culture | 0 | 0 | 1 | 0 | -5 | 0.00 | 0 | 0 | 0.00 | 0.00 |